000 00510nam a2200193 a 4500
001 1771589609019
003 YourLibrary
005 20260220174642.0
008 260220s1991##################000#0#eng##
020 _a9780521381987
082 0 4 _a320.6
_bWAG
100 1 _aWagner, Peter,
_eauthor.
245 1 0 _aSocial Sciences and Modern States :
260 _bCambridge University Press,
_c1991.
300 _a400 pages
650 0 _aHistory.
942 _cENGLISH
040 _aYourLibrary
_beng
_cYourLibrary
999 _c614765
_d614765